Flaggen der UdSSR-Republiken - Statistiken

Allgemein
  • Dieses Quiz wurde 238 mal gespielt
  • Das Durchschnittsergebnis liegt bei 6 aus 16
Antwortstatistiken
Bildquiz Antwort % Korrekt
Weißrussische SSR
92%
Russische SFSR
73%
Ukrainische SSR
68%
Estnische SSR
45%
Kasachische SSR
45%
Lettische SSR
45%
Usbekische SSR
33%
Armenische SSR
29%
Litauische SSR
27%
Moldawische SSR
26%
Tadschikische SSR
24%
Georgische SSR
21%
Aserbaidschan SSR
20%
Turkmenische SSR
19%
Kirgisische SSR
13%
Karelo-Finnische SSR
7%
Keine übereinstimmenden Quizze gefunden
Verteilung der Resultate
Anzahl Personen mit jedem Resultat
Perzentil nach korrekt beantworteten Fragen
Ihre Resultats-Entwicklung
Sie haben dieses Quiz noch nicht gespielt